<?xml version="1.0" encoding="UTF-8"?>
<marc:record xmlns:marc="http://www.loc.gov/MARC21/slim">
   <marc:leader>00000nam a2200000 a 4500</marc:leader>
   <marc:datafield ind1="1" ind2=" " tag="100">
      <marc:subfield code="a">DiTerlizzi, Tony</marc:subfield>
      <marc:subfield code="4">aut</marc:subfield>
      <marc:subfield code="e">Verfasser/-in</marc:subfield>
   </marc:datafield>
   <marc:datafield ind1="1" ind2=" " tag="100">
      <marc:subfield code="a">Black, Holly</marc:subfield>
      <marc:subfield code="4">aut</marc:subfield>
      <marc:subfield code="e">Verfasser/-in</marc:subfield>
   </marc:datafield>
   <marc:datafield ind1=" " ind2=" " tag="653">
      <marc:subfield code="a">Fantasy</marc:subfield>
   </marc:datafield>
   <marc:datafield ind1=" " ind2=" " tag="653">
      <marc:subfield code="a">Kobold</marc:subfield>
   </marc:datafield>
   <marc:datafield ind1=" " ind2=" " tag="653">
      <marc:subfield code="a">Geheimnis</marc:subfield>
   </marc:datafield>
   <marc:datafield ind1=" " ind2=" " tag="653">
      <marc:subfield code="a">Elfe</marc:subfield>
   </marc:datafield>
   <marc:datafield ind1=" " ind2=" " tag="653">
      <marc:subfield code="a">Abenteuer</marc:subfield>
   </marc:datafield>
   <marc:datafield ind1="0" ind2="0" tag="245">
      <marc:subfield code="a">Eine unglaubliche Entdeckung</marc:subfield>
   </marc:datafield>
   <marc:datafield ind1="0" ind2="0" tag="245">
      <marc:subfield code="c">von Tony DiTerlizzi und Holly Black</marc:subfield>
   </marc:datafield>
   <marc:datafield ind1=" " ind2="1" tag="264">
      <marc:subfield code="a">München</marc:subfield>
      <marc:subfield code="b">cbj</marc:subfield>
      <marc:subfield code="c">2004</marc:subfield>
   </marc:datafield>
   <marc:datafield ind1="1" ind2=" " tag="490">
      <marc:subfield code="a">¬Die¬ Spiderwick Geheimnisse ; 1</marc:subfield>
   </marc:datafield>
   <marc:datafield ind1="1" ind2=" " tag="520">
      <marc:subfield code="a">Der erste Teil einer sehr spannenden Geschichte über die Spiderwick-Geheimnisse. (ab 8) (JE) Die Zwillinge Simon und Jared Grace ziehen gemeinsam mit Schwester Mallory und ihrer Mutter in das alte Haus ihrer Tante. Dort sollen sie von nun an wohnen. Doch schon bald bemerken die Kinder komische Geräusche in den Wänden des Hauses. Ihnen ist etwas mulmig im Bauch, aber sie wollen doch herausfinden, was sich hinter den Mauern befindet. Mallory fasst all ihren Mut zusammen und schlägt mit dem Besenstiel ein Loch in jene Wand, aus der das Geräusch kam. Was die Kinder dort finden, verwundert sie alle sehr. Ist das der Beginn eines großen Geheimnisses? Um herauszufinden, wer diese seltsamen Geräusche verursacht, wollen sie das gesamte Haus erforschen. Schon bald stößt Jared auf eine geheimnisvolle Botschaft, die entschlüsselt, und auf einen sonderbaren Raum, der erforscht werden will. Jared ist überzeugt, dass sich hinter all den Vorkommnissen im Haus ein Geist versteckt. Und dem will er auf alle Fälle auf die Spur kommen. Doch da endet der erste Band. Ein altes Haus birgt immer viele Geheimnisse. Wenn sie aber auch noch so toll aufbereitet werden, wie in diesem Fall, kann man fast nicht aufhören zu lesen. "Die Spiderwick-Geheimnisse" sind auf alle Fälle Pflicht für alle Freunde von Spannung und Geheimnissen. Was man in Band eins nicht erfährt, muss wohl in Band zwei stehen oder in Band drei oder vier!! Hoffentlich! Für Leser ab 8 Jahren sehr zu empfehlen! *bn* Irmgard Preißler||</marc:subfield>
   </marc:datafield>
   <marc:datafield ind1=" " ind2=" " tag="020">
      <marc:subfield code="a">3570128636</marc:subfield>
      <marc:subfield code="9">3570128636</marc:subfield>
   </marc:datafield>
   <marc:datafield ind1=" " ind2=" " tag="500">
      <marc:subfield code="a">Aus dem amerikan. Engl. von Anne Brauner</marc:subfield>
   </marc:datafield>
   <marc:datafield ind1=" " ind2=" " tag="300">
      <marc:subfield code="a">118 S. : zahlr. Ill.</marc:subfield>
   </marc:datafield>
</marc:record>
